Portfolio Assessment in the Reading Writing Classroom (Record no. 24849)
[ view plain ]
| 000 -LEADER | |
|---|---|
| fixed length control field | 00776nam a22002297a 4500 |
| 003 - CONTROL NUMBER IDENTIFIER | |
| control field | OSt |
| 005 - DATE AND TIME OF LATEST TRANSACTION | |
| control field | 20260619102842.0 |
| 008 - FIXED-LENGTH DATA ELEMENTS--GENERAL INFORMATION | |
| fixed length control field | 260619b |||||||| |||| 00| 0 eng d |
| 020 ## - INTERNATIONAL STANDARD BOOK NUMBER | |
| International Standard Book Number | 0926842080 |
| 040 ## - CATALOGING SOURCE | |
| Transcribing agency | Chuka University Library |
| 050 ## - LIBRARY OF CONGRESS CALL NUMBER | |
| Classification number | LB 1029 |
| Item number | .T54 1991 |
| 100 ## - MAIN ENTRY--PERSONAL NAME | |
| Personal name | Tierney, Robert J. |
| 9 (RLIN) | 30321 |
| 245 ## - TITLE STATEMENT | |
| Title | Portfolio Assessment in the Reading Writing Classroom |
| 260 ## - PUBLICATION, DISTRIBUTION, ETC. | |
| Place of publication, distribution, etc. | Massachusetts |
| Name of publisher, distributor, etc. | Christopher - Gordon |
| Date of publication, distribution, etc. | 1991 |
| 300 ## - PHYSICAL DESCRIPTION | |
| Extent | xiv, 200pp |
| Other physical details | Illustrated |
| 650 ## - SUBJECT ADDED ENTRY--TOPICAL TERM | |
| Topical term or geographic name entry element | Portfolios in education - United States |
| 9 (RLIN) | 30322 |
| 650 ## - SUBJECT ADDED ENTRY--TOPICAL TERM | |
| Topical term or geographic name entry element | Reading - United States - Evaluation |
| 9 (RLIN) | 30323 |
| 650 ## - SUBJECT ADDED ENTRY--TOPICAL TERM | |
| Topical term or geographic name entry element | English language - Composition and exercises -Evaluation |
| 9 (RLIN) | 30324 |
| 700 ## - ADDED ENTRY--PERSONAL NAME | |
| Personal name | Carter, Mark A. |
| 9 (RLIN) | 30325 |
| 700 ## - ADDED ENTRY--PERSONAL NAME | |
| Personal name | Desai, Laura E. |
| 9 (RLIN) | 30326 |
| 942 ## - ADDED ENTRY ELEMENTS (KOHA) | |
| Source of classification or shelving scheme | Library of Congress Classification |
| Koha item type | Long Loan Books |
| Suppress in OPAC | No |
| Withdrawn status | Lost status | Source of classification or shelving scheme | Damaged status | Not for loan | Collection | Home library | Current library | Shelving location | Date acquired | Source of acquisition | Cost, normal purchase price | Total Checkouts | Full call number | Barcode | Date last seen | Price effective from | Koha item type |
|---|---|---|---|---|---|---|---|---|---|---|---|---|---|---|---|---|---|
| Library of Congress Classification | General Collection Books | Main Campus Library | Main Campus Library | General Stacks | 19/06/2026 | Donations from books of Africa | 192.21 | LB 1029 .T54 1991 | 35517/2026 | 19/06/2026 | 19/06/2026 | Long Loan Books |
